00785 2200289 4500001002100000005001700021008004100038020001800079035002400097082001500121090002500136110001400161245007000175250001300245260004200258300002400300440002300324650002700347700002500374850001500399980001300414985000600427999001500433999001500448999001500463990001700478YOGYA-0209000003471920090227024923.0 ind  a979-605-603-6 0010-020900000034719 a641.595 95 a641.595 95bYas MlT aYASA BOGA aMalaysia & SingapuracYasa Boga, Nies Kartahadiprodjo ... [et.al] aEd. baru aJakartabGramedia Pustaka Utamac1997 a24 hlmbilusc18 cm aSeri resep praktis aResep masakan Malaysia aKartahadiprojo, Nies aYOPDYOG(B) a29-10-06 a3 a00P0003203 a00P0003204 a00P0003205 a3204-PN/P.00